Ukrajins'ka mova dlja 7 klasu osnovnoji školy

Bibliographic Details
Main Authors: Holendová, Jolana, 1938- (Author), Klimeková, Anna, 1949- (Author)
Corporate Author: Slovanské progresívne nakladateľstvo (vyd)
Format: Book
Language:Ukrainian
PhysicalDescription:193 s. tab. 21 cm
Published: Bratyslava Slov`jans'ke prohresyvne vydavnyctvo - pryma 1998
ISBN:8088854350
Subjects:

MARC

LEADER 00000nam a2200000 a 4500
001 vtls001348189
003 SK-MaSNL
005 20260301010251.0
008 240318s1998 xo p r y ukr
015 |a SNBA1999/01-00330 
020 |a 8088854350 
035 |a SNK000301466 
035 |a urn:nbn:sk:snk-amkihf 
035 |a urn:nbn:sk:snk-am008h9r 
035 |a E42D6E89-D9FB-4D4C-9F9D-93E79ABA3CCE 
040 |a SNK  |b slo  |c SNK  |e AACR2 
041 0 |a ukr 
044 |a xo  |c SK 
080 |a 372.46:808.3(075.2)  |2 1981 
100 1 |a Holendová, Jolana,  |d 1938-  |4 aut  |9 109135 
245 1 0 |a Ukrajins'ka mova dlja 7 klasu osnovnoji školy  |c Jolana Holenda, Hanna Klimek 
260 |a Bratyslava  |b Slov`jans'ke prohresyvne vydavnyctvo - pryma  |c 1998 
300 |a 193 s.  |b tab.  |c 21 cm 
500 |a Tir. aj slov. 
650 0 7 |a ukrajinčina  |2 SNK  |9 1347 
655 7 |a učebnice  |2 SNK  |9 22521 
700 1 |a Klimeková, Anna,  |d 1949-  |4 aut  |9 93766 
710 2 |a Slovanské progresívne nakladateľstvo  |4 vyd  |9 35735 
752 |d Bratislava 
919 |a 80-88854-35-0 
958 |a TL 
958 |a UX 
958 |a UK 
999 |c 547608  |d 549538 
952 |t P60, <09>, [BOOK], {629}  |a SNK  |b SNK  |y NEVYP  |7 0  |o snkC 884  |i snk1653/981119  |0 0  |1 0  |4 0  |d 1998-11-18  |l 0  |r 2005-01-02 00:00:00  |w 2026-02-23 
952 |t P60, <03>, [BOOK], {603}  |a SNK  |b SNK  |y PREZ  |7 0  |p 17A0168780  |o snkSC 97234  |i snkKSP 10673/98  |0 0  |1 0  |4 0  |d 1998-11-18  |f 1  |l 0  |r 2025-09-16 00:00:00  |w 2026-02-23 
952 |t P60, <04>, [BOOK], {604}  |a SNK  |b SNK  |y VYP  |7 0  |p 17A0168782  |o snkSC 97234 D1  |i snkKSP 10674/98  |0 0  |1 0  |4 0  |d 1998-11-18  |l 0  |r 2005-01-02 00:00:00  |w 2026-02-23